000 02021cam a22006134i 4500
003 PE-LiUPU
005 20250731170458.0
008 150706s2012 sp a r 000 0 d
020 _a9788449327872
035 _a(Sirsi) i9788449327872
040 _aPE-LiUPU
_bspa
_cPE-LiUPU
_erda
049 _aPRUA
082 0 4 _a155.333
_bN77
_221
100 1 _aNolen-Hoeksema, Susan,
_eautor.
245 1 3 _aEl poder de las mujeres :
_bexplica tu extraordinario potencial /
_cSusan Noeln-Hoeksema ; traducción de Montserrat Asensio Fernández.
264 1 _aBarcelona :
_bPaidós,
_c2012.
300 _a431 páginas :
_bilustraciones ;
_c22 cm.
336 _atext
_2rdacontent
337 _aunmediated
_2rdamedia
338 _avolume
_2rdacarrier
490 0 _aAutoayuda
500 _aTítulo original: The power of women.
505 0 _aLa revolución de la autoayuda -- Los recursos únicos de las mujeres -- Descubra y desarrolle sus recursos.
526 _aSEG68
526 _aSEG70
526 _aSEG69
526 _aSEG67
526 _aSEG43
526 _aP144
526 _aP143
526 _aP131
526 _aP122
526 _aP120
526 _aP117
526 _aP112
526 _aP110
526 _aP106
526 _aP101
526 _aP80
526 _aP59
526 _aP54
526 _aP35
526 _aP33
526 _aP30
541 _g015-0015995;
650 0 4 _aAutorrealización (Psicología) en mujeres.
700 1 _aAsensio Fernández, Montserrat,
_etr.
910 _agl
_cng
_d20131105
942 _2ddc
_cBOOK
949 _a155.333 N77
_wDEWEY
_c1
_i68891
_lCCODEBUL1
_mBUL
_p54.00
_r0
_sY
_tBOOK
_u2015-7-6
_xFCE
_zAGB
_o.STAFF. Colección General
994 _aC0
_bPEPRU
596 _a1
999 _a155.333 N77
_wDEWEY
_c56075
_i68891
_d56075
_e2016-7-14
_f2021-11-3
_g6
_lCCODEBUL1
_mBUL
_n8
_p54.00
_q1
_r0
_sY
_tBOOK
_u2015-7-6
_xSALUD
_zAGB
_0COMPRA
_o.STAFF. Colección General
980 _81
_gALBERTO SANCHEZ Responsable de Automatización